PRODUCT DESIGN AND DEVELOPMENT (Record no. 5224)

MARC details
000 -LEADER
fixed length control field 00381nam a22001577a 4500
005 - DATE AND TIME OF LATEST TRANSACTION
control field 20160905174538.0
008 - FIXED-LENGTH DATA ELEMENTS--GENERAL INFORMATION
fixed length control field 160905b xxu||||| |||| 00| 0 eng d
020 ## - INTERNATIONAL STANDARD BOOK NUMBER
ISBN 978-93-5260-185-1
041 ## - LANGUAGE CODE
Language code of text/sound track or separate title eng
100 ## - MAIN ENTRY--AUTHOR NAME
Personal name ULRICH,KARL.T
245 ## - TITLE STATEMENT
Title PRODUCT DESIGN AND DEVELOPMENT
260 ## - PUBLICATION, DISTRIBUTION, ETC. (IMPRINT)
Name of publisher TMH
Year of publication 2016
300 ## - PHYSICAL DESCRIPTION
Number of Pages 404
650 ## - SUBJECT ADDED ENTRY--TOPICAL TERM
Topical Term INFORMATION TECHNOLOGY
942 ## - ADDED ENTRY ELEMENTS (KOHA)
Koha item type Books
Holdings
Lost status Damaged status Collection code Home library Current library Shelving location Date acquired Source of acquisition Cost, normal purchase price Accession Number Koha item type
    Reference JRU Library   SHELF-72-D 05/09/2016 PURCHASE 695.00 21154 Books
      JRU Library   SHELF-42-M 05/09/2016 PURCHASE 695.00 21155 Books
    MANAGEMENT JRU Library JRU Library SHELF- 68 G 05/09/2016 PURCHASE 695.00 21156 Books